000
00275nam a2200121Ia 4500
008
190216s9999||||xx |||||||||||||| ||und||
100
_a
Gopal Bhargava
245
0
_a
Rolling Plan
260
_b
Sterling Publications
_c
1980
300
_a
137p
650
_a
Commerce
942
_c
BK
999
_c
4761
_d
4761